00850cam a2200241 a 4500999001500000001000600015003000900021005001700030008004100047020001800088040003800106082001900144100001700163245006700180260005300247300003200300504005100332650004000383650002300423700001800446942001200464952013200476 c3984d398417755BD-DhUAP20200316105748.0200301s1998 bg abf b f000 0 eng  a9780333912348 aBD-DhUAPcBD-DhUAPdBD-DhUAPbEng a822.34 JON223 aJonson, Ben. aVolpone : bor, the Fox /cBen Jonson ; edited by M. G. Nayar. aNew Delhi :bMacmillan,cc1979 [Reprinted 2011]. axxxiii, 255 pages ;c19 cm. aIncludes bibliographical references and index. aInheritance and successionvDrama.  aExtortion vDrama. aNayar, M. G.  2ddccBK 00102ddc4070aUAPCLbUAPCLcGeneral Stacksd2020-03-16l1o822.34 JONp3010017755r2025-07-20s2025-07-13t1w2020-03-16yBK